Thinking through fashion : (Record no. 9936)
[ view plain ]
| 000 -LEADER | |
|---|---|
| fixed length control field | 01891nam a22002417a 4500 |
| 005 - ΗΜΕΡΟΜΗΝΙΑ ΚΑΙ ΩΡΑ ΤΕΛΕΥΤΑΙΑΣ ΕΝΗΜΕΡΩΣΗΣ | |
| Πεδίο ελέγχου | 20250915115952.0 |
| 008 - FIXED-LENGTH DATA ELEMENTS--GENERAL INFORMATION | |
| Πεδίο ελέγχου σταθερού μήκους | t2016 enka |b 001 0 eng | |
| 020 ## - ISBN | |
| ISBN | 9781350125209 |
| 040 ## - ΠΗΓΗ ΚΑΤΑΛΟΓΟΓΡΑΦΗΣΗΣ | |
| Φορέας πρωτότυπης καταλογογράφησης | MC Athens Campus Library |
| Γλώσσα καταλογογράφησης | Αγγλικά |
| 245 00 - ΤΙΤΛΟΣ ΚΑΙ ΔΗΛΩΣΗ ΥΠΕΥΘΥΝΟΤΗΤΑΣ | |
| Τίτλος | Thinking through fashion : |
| Remainder of title | a guide to key theorists / |
| Statement of responsibility, etc. | Agnès Rocamora and Anneke Smelik (editors). |
| 264 #1 - PRODUCTION, PUBLICATION, DISTRIBUTION, MANUFACTURE, AND COPYRIGHT NOTICE | |
| Place of production, publication, distribution, manufacture | London ; |
| -- | New York : |
| Name of producer, publisher, distributor, manufacturer | Bloomsbury Visual Arts, |
| Date of production, publication, distribution, manufacture, or copyright notice | 2016. |
| 300 ## - PHYSICAL DESCRIPTION | |
| Extent | 310 p.; |
| Διαστάσεις | 23 cm. |
| 490 0# - SERIES STATEMENT | |
| Δήλωση σειράς | Dress cultures |
| 504 ## - ΣΗΜΕΙΩΣΗ ΒΙΒΛΙΟΓΡΑΦΙΑΣ κλπ. | |
| Σημείωση βιβλιογραφίας, κλπ. | Includes bibliographical references and index. |
| 520 ## - SUMMARY, ETC. | |
| Summary, etc. | Learning how to think through fashion is both exciting and challenging, being dependent on one’s ability to critically engage with an array of theories and concepts. This is the first book designed to accompany readers through the process of thinking through fashion. It aims to help them grasp both the relevance of social and cultural theory to fashion, dress, and material culture and, conversely, the relevance of those fields to social and cultural theory. It does so by offering a guide through the work of selected major thinkers, introducing their concepts and ideas. Each chapter is written by an expert contributor and is devoted to a key thinker, capturing the significance of their thought to the understanding of the field of fashion, while also assessing the importance of this field for a critical engagement with these thinkers’ ideas. This is a guide and reference for students and scholars in the fields of fashion, dress and material culture, the creative industries, sociology, cultural history, design and cultural studies. |
| 588 ## - SOURCE OF DESCRIPTION NOTE | |
| Source of description note | Description based on print version record and CIP data provided by publisher; resource not viewed. |
| 650 #0 - SUBJECT ADDED ENTRY--TOPICAL TERM | |
| Topical term or geographic name entry element | Fashion |
| 9 (RLIN) | 9926 |
| 650 #0 - SUBJECT ADDED ENTRY--TOPICAL TERM | |
| Topical term or geographic name entry element | Fashion design |
| 9 (RLIN) | 10081 |
| 700 ## - ΠΡΟΣΘΕΤΗ ΑΝΑΓΡΑΦΗ--ΦΥΣΙΚΟ ΠΡΟΣΩΠΟ | |
| Personal name | Rocamora, Agnès |
| Σχέση | Επιμελητής |
| 9 (RLIN) | 10114 |
| 700 ## - ΠΡΟΣΘΕΤΗ ΑΝΑΓΡΑΦΗ--ΦΥΣΙΚΟ ΠΡΟΣΩΠΟ | |
| Personal name | Smelik, Anneke |
| Σχέση | Επιμελητής |
| 9 (RLIN) | 10115 |
| 942 ## - ADDED ENTRY ELEMENTS (KOHA) | |
| Koha item type | Books |
| Τύπος τεκμηρίου | Βιβλιοθήκη | Τρέχουσα τοποθεσία | Barcode | Αριθμός εισαγωγής | Ημερομηνία απόκτησης | Ταξιθετικό σύμβολο | Αριθμός αντιτύπου | Κατάσταση απόσυρσης | Κατάσταση χαμένου | Κατάσταση κατεστραμμένου | Μη δανεισμός | Σύνολο δανεισμών | Σύνολο ανανεώσεων | Ημερομηνία τελευταίας εμφάνισης | Χρονολογία τελευταίου δανεισμού | Η τιμή ισχύει από |
|---|---|---|---|---|---|---|---|---|---|---|---|---|---|---|---|---|
| Books | MC Athens Campus Library | MC Athens Campus Library | 9780000099075 | 8107 | 15/09/2025 | 391.0301 ROC | 1 | 1 | 2 | 20/11/2025 | 03/11/2025 | 15/09/2025 |